Smysl dialogu : o směřování k plnosti lidské komunikace /

Salvato in:
Dettagli Bibliografici
Autore principale: Poláková, Jolana (Autore)
Natura: Libro
Lingua:ceco
Pubblicazione: Praha Vyšehrad 2008
Soggetti:
Tags: Aggiungi Tag
Nessun Tag, puoi essere il primo ad aggiungerne!!

MARC

LEADER 00000nam a22000003a 4500
001 0083488
003 SK-STU
005 20200925141452.7
007 ta
008 200925s ----xo-----e------000-0-----d
020 |a 978-80-7021-966-9 
040 |a STU  |b slo 
041 0 |a cze 
044 |a xr 
100 1 |a Poláková, Jolana  |4 aut 
245 1 0 |a Smysl dialogu :  |b o směřování k plnosti lidské komunikace /  |c aut. Jolana Poláková 
260 |a Praha  |b Vyšehrad  |c 2008 
300 |a 78 s. 
650 0 7 |a etika 
650 0 7 |a filozofia 
650 0 7 |a komunikácia medziľudská 
996 |b 284M088416  |c M* 14346-1  |l MMST  |s A  |a 24  |w 0083488_0001